000 00661nam a2200217Ia 4500
005 20241129111215.0
008 241129s9999||||xx |||||||||||||| ||und||
020 _a978-93-92816-55-0
037 _aTB
040 _aCRL
_beng
_cCRL
041 _aeng
_2eng
084 _aY:1.275 R3.1
_qCRL
100 _aAdhikary Madhab Chandra Au.
_9723636
245 0 _aCultural heritage of north Bengal: a reflection on bhawaiya
_cAdhikary Madhab Chandra Au.
260 _aNew Delhi, India
_bAbhijeet Publication
_c2023
300 _aix,98p.
365 _aINR
_b500
650 _aSociologyCulture
942 _cTB
_hY:1.275 R3.1
999 _c1229380
_d1229380